| 000 | 00331nam a22001337a 4500 | ||
|---|---|---|---|
| 082 |
_a940.4 _bWAR |
||
| 100 |
_aTandy, E.A. _949261 |
||
| 245 | _aThe war record 1914-1920 | ||
| 260 |
_aIndia _bSurvey of India _c1925 |
||
| 300 | _axxv, 155 p. | ||
| 526 |
_a0 _b0 _c0 _d940_400000000000000_WAR |
||
| 650 |
_aMCE _9379 |
||
| 942 |
_2ddc _cBK |
||
| 999 |
_c552061 _d552061 |
||